[Event "Ljubljana op 3rd"]
[Site "Ljubljana"]
[Date "1992.??.??"]
[Round "9"]
[White "Shipov, Sergei"]
[Black "Panchenko, Alexander N"]
[Result "1-0"]
[WhiteElo "2460"]
[BlackElo "2460"]
[PlyCount "97"]
[EventDate "1992.04.??"]
[EventType "swiss"]
[EventRounds "9"]
[EventCountry "SLO"]
[Source "ChessBase"]
[SourceDate "1994.03.01"]

1. d4 Nf6 2. c4 e6 3. g3 d5 4. Nf3 dxc4 5. Bg2 a6 6. O-O Nc6 7. Nc3 Rb8 8. e4
Be7 9. Bf4 O-O 10. Qe2 b5 11. Rfd1 Bd7 12. Rd2 Qc8 13. Rad1 b4 14. Nb1 Na5 15.
Ne5 Bb5 16. Qf3 Nc6 17. Rc2 Nxe5 18. Bxe5 Nd7 19. Bf4 e5 20. dxe5 Nc5 21. Bf1
Ba4 22. Rxc4 Bxd1 23. Qxd1 Rd8 24. Qc2 Ne6 25. Be3 c5 26. Nd2 Qd7 27. Kg2 Nd4
28. Bxd4 cxd4 29. Bd3 Rbc8 30. Qb3 a5 31. Rxc8 Rxc8 32. Bc4 a4 33. Bxf7+ Kh8
34. Qd3 a3 35. bxa3 Rc3 36. Qa6 Rxa3 37. Qb6 Rc3 38. Be6 Qd8 39. Qb5 d3 40. Bd5
Bc5 41. Bb3 g6 42. Qb7 Be7 43. Qd5 Kg7 44. f4 Rc1 45. Kf3 Re1 46. Nc4 Re2 47.
Nd6 Rxh2 48. Qf7+ Kh6 49. Ne8 1-0

[Event "Moscow Petrosian Memorial"]
[Site "Moscow"]
[Date "1995.??.??"]
[Round "8"]
[White "Shipov, Sergei"]
[Black "Ivanov, Victor L"]
[Result "1-0"]
[WhiteElo "2510"]
[BlackElo "2460"]
[PlyCount "45"]
[EventDate "1995.??.??"]
[EventType "tourn"]
[EventRounds "11"]
[EventCountry "RUS"]
[EventCategory "10"]
[Source "ChessBase"]
[SourceDate "1995.06.01"]

1. d4 Nf6 2. Nf3 g6 3. c4 Bg7 4. Nc3 d5 5. cxd5 Nxd5 6. e4 Nxc3 7. bxc3 c5 8.
Rb1 O-O 9. Be2 cxd4 10. cxd4 Qa5+ 11. Bd2 Qxa2 12. O-O Bd7 13. Rxb7 Rc8 14. Bg5
h6 15. Bh4 Bc6 16. Rxe7 Bf8 17. d5 Ba4 18. Qd3 g5 19. Bxg5 hxg5 20. Rxf7 Kxf7
21. Nxg5+ Ke7 22. e5 Bc2 23. Qf3 1-0

[Event "Berlin"]
[Site "Berlin"]
[Date "1996.??.??"]
[Round "?"]
[White "Shipov, Sergei"]
[Black "Dvoirys, Semen I"]
[Result "1-0"]
[WhiteElo "2535"]
[BlackElo "2570"]
[PlyCount "77"]
[EventDate "1996.??.??"]
[EventType "game"]
[EventRounds "1"]
[EventCountry "GER"]
[Source "ChessBase"]
[SourceDate "2009.11.30"]

1. d4 Nf6 2. c4 g6 3. Nc3 d5 4. cxd5 Nxd5 5. e4 Nxc3 6. bxc3 c5 7. Nf3 Bg7 8.
Rb1 O-O 9. Be2 cxd4 10. cxd4 Qa5+ 11. Bd2 Qxa2 12. O-O Bg4 13. Bg5 Rd8 14. d5
Rd7 15. Bb5 Rc7 16. Re1 Na6 17. e5 Rc5 18. Bxa6 bxa6 19. Qd4 Rc4 20. Qe3 Qa5
21. d6 exd6 22. exd6 Bf5 23. Rbd1 Re4 24. Qxe4 Bxe4 25. Rxe4 Qf5 26. Ree1 Bc3
27. Re7 Qc2 28. Rc1 Qb2 29. d7 Kf8 30. Re4 f6 31. Rc4 Rd8 32. Bh6+ Kf7 33.
R1xc3 Rxd7 34. h4 a5 35. Rc8 a4 36. Re3 Qb4 37. Rf8+ Qxf8 38. Bxf8 Kxf8 39. Ra3
1-0

[Event "RUS-chT"]
[Site "Orel"]
[Date "1997.??.??"]
[Round "?"]
[White "Shipov, Sergei"]
[Black "Gleizerov, Evgeny"]
[Result "1-0"]
[WhiteElo "2540"]
[BlackElo "2545"]
[PlyCount "123"]
[EventDate "1997.??.??"]
[EventType "team"]
[EventRounds "10"]
[EventCountry "RUS"]
[Source "ChessBase"]
[SourceDate "1998.11.10"]

1. d4 e6 2. c4 f5 3. g3 Nf6 4. Bg2 c6 5. Nf3 d5 6. O-O Bd6 7. Qc2 O-O 8. b3 Qe7
9. Ne5 b6 10. cxd5 cxd5 11. Nc4 Nc6 12. Nxd6 Qxd6 13. Qc3 a5 14. Bf4 Qd7 15.
Rc1 Bb7 16. Nd2 Ne4 17. Qb2 Nxd2 18. Qxd2 Rac8 19. Rc3 Nb4 20. Rac1 Rxc3 21.
Rxc3 Rc8 22. a3 Rxc3 23. Qxc3 Qc6 24. Qxc6 Nxc6 25. e3 Ba6 26. Bf3 Bd3 27. Bd1
Kf7 28. Bc7 b5 29. f3 b4 30. a4 Ke7 31. Kf2 Kd7 32. Bb6 g6 33. Ke1 Ke7 34. Kd2
Bf1 35. g4 Kf6 36. Bc7 Kg5 37. gxf5 gxf5 38. Bg3 Kf6 39. Bc2 Ba6 40. Bc7 Bf1
41. Ke1 Ba6 42. Kf2 Kg5 43. Kg3 Bf1 44. Bb6 h6 45. h4+ Kf6 46. Kf4 Ke7 47. e4
fxe4 48. fxe4 e5+ 49. dxe5 d4 50. Bd1 d3 51. Bc5+ Kd7 52. Bg4+ Kc7 53. Bd6+ Kb6
54. Ke3 Be2 55. Be6 Nd4 56. Bd5 Nf3 57. e6 Nxh4 58. e7 Bh5 59. Bg3 d2 60. Kxd2
Nf3+ 61. Ke3 Ng5 62. Bc4 1-0

[Event "RUS-chT"]
[Site "Orel"]
[Date "1997.??.??"]
[Round "?"]
[White "Shipov, Sergei"]
[Black "Rustemov, Alexander"]
[Result "1-0"]
[WhiteElo "2540"]
[BlackElo "2550"]
[PlyCount "139"]
[EventDate "1997.??.??"]
[EventType "team"]
[EventRounds "10"]
[EventCountry "RUS"]
[Source "ChessBase"]
[SourceDate "1998.11.10"]

1. d4 Nf6 2. c4 e6 3. Nf3 c5 4. d5 exd5 5. cxd5 d6 6. Nc3 g6 7. h3 a6 8. a4 Qe7
9. g3 Bg7 10. Bg2 O-O 11. O-O Nbd7 12. Bf4 Rb8 13. Rb1 Nh5 14. Bg5 Bf6 15. Bxf6
Nhxf6 16. Qd2 b5 17. axb5 axb5 18. b4 Ba6 19. Qa2 Rb6 20. Rfc1 Ne4 21. Nxe4
Qxe4 22. Ng5 Qe5 23. Ne4 Rc8 24. Qa5 c4 25. Qa1 f5 26. Qxe5 dxe5 27. Nc3 e4 28.
Ra1 Nf6 29. f3 exf3 30. Bxf3 Rd8 31. Ra5 Ne8 32. Kf2 Nc7 33. Rd1 Kg7 34. e4
fxe4 35. Bxe4 Rbd6 36. h4 h6 37. Ke3 Kf6 38. Rf1+ Ke7 39. Kd4 Re8 40. Bg2 Red8
41. Ke5 R8d7 42. g4 Bb7 43. Rd1 Kd8 44. g5 Rb6 45. Be4 hxg5 46. hxg5 Na6 47.
Rb1 Nc7 48. Rf1 Ne8 49. Kd4 Re7 50. Kc5 Rd6 51. Rxb5 Rdd7 52. Rb6 Re5 53. Rxg6
Rde7 54. Kd4 Kc7 55. Rf5 Rxf5 56. Bxf5 Re1 57. Re6 Rf1 58. Rxe8 Rxf5 59. g6 Rg5
60. Re7+ Kb6 61. Re6+ Kc7 62. Kxc4 Bc8 63. Rf6 Bf5 64. g7 Bh7 65. Nb5+ Kb7 66.
Nd6+ Kc7 67. Kc5 Bg8 68. Nf5 Kd7 69. Rf8 Bh7 70. Rh8 1-0

[Event "Karsten Kold op"]
[Site "Gistrup"]
[Date "1997.??.??"]
[Round "3"]
[White "Shipov, Sergei"]
[Black "Kengis, Edvins"]
[Result "1-0"]
[WhiteElo "2575"]
[BlackElo "2590"]
[PlyCount "95"]
[EventDate "1997.07.??"]
[EventType "swiss"]
[EventRounds "10"]
[EventCountry "DEN"]
[Source "ChessBase"]
[SourceDate "1997.11.17"]

1. d4 e6 2. c4 Nf6 3. Nf3 b6 4. g3 Ba6 5. b3 Bb4+ 6. Bd2 Be7 7. Bg2 d5 8. cxd5
Nxd5 9. O-O O-O 10. Nc3 Nd7 11. Nxd5 exd5 12. Rc1 Re8 13. Bf4 c5 14. dxc5 Bxc5
15. Nd4 Nf6 16. Rc2 Qd7 17. Qa1 Rac8 18. Rfc1 Bxd4 19. Qxd4 Rxc2 20. Rxc2 Rxe2
21. Rxe2 Bxe2 22. h3 Qf5 23. Qa4 g5 24. Be3 Bf3 25. Qxa7 Bxg2 26. Kxg2 Qe4+ 27.
Kh2 d4 28. Bxg5 Qf3 29. Qb8+ Kg7 30. Qf4 Qxf4 31. Bxf4 d3 32. Kg2 Nd5 33. Bd2
Kf6 34. f4 Ke6 35. Kf3 f5 36. g4 b5 37. a3 h6 38. a4 bxa4 39. bxa4 Nb6 40. a5
Nc4 41. Bc3 fxg4+ 42. hxg4 Kd5 43. a6 Kc6 44. f5 d2 45. Bxd2 Nxd2+ 46. Kf4 Nb3
47. f6 Nc5 48. Kf5 1-0

[Event "16th Puhajarve Rapid"]
[Site "Puhajarve EST"]
[Date "2015.11.27"]
[Round "4.1"]
[White "Shirov, A."]
[Black "Shipov, S."]
[Result "0-1"]
[WhiteElo "2689"]
[BlackElo "2541"]
[PlyCount "130"]
[EventDate "2015.11.27"]
[EventType "tourn (rapid)"]
[EventRounds "33"]
[EventCountry "EST"]
[EventCategory "1"]
[Source "Mark Crowther"]
[SourceDate "2015.12.07"]

1. e4 e6 2. d4 d5 3. e5 c5 4. c3 Nc6 5. Nf3 Bd7 6. Be2 Nge7 7. O-O Ng6 8. g3
Be7 9. h4 h6 10. Be3 cxd4 11. cxd4 O-O 12. Nc3 f6 13. Bd3 Be8 14. Qb1 fxe5 15.
Bxg6 Rxf3 16. dxe5 Nxe5 17. Bxe8 Qxe8 18. Bf4 Ng6 19. Qd1 Nxh4 20. Re1 Rxf4 21.
gxf4 Qg6+ 22. Kf1 Bc5 23. Ke2 Ng2 24. Rg1 Nxf4+ 25. Kf1 Qf5 26. Qg4 Qxg4 27.
Rxg4 Rf8 28. f3 Nd3 29. Ke2 Ne5 30. Rg3 g5 31. Rc1 Bd6 32. Rh3 Kg7 33. Nb5 Bb8
34. Nd4 Re8 35. Rch1 Nf7 36. Kd3 a6 37. Nb3 Bd6 38. Na5 Re7 39. Rc1 Ne5+ 40.
Ke2 Ng6 41. Rhh1 Nf4+ 42. Ke3 Bc7 43. Nb3 Bb6+ 44. Kd2 Kg6 45. Rc8 h5 46. Rg8+
Kf6 47. Rf8+ Kg7 48. Rb8 h4 49. a4 Nh5 50. a5 Ba7 51. Ra8 Ng3 52. Rc1 Bf2 53.
Rcc8 Kf6 54. Rh8 Ke5 55. Nc1 Bd4 56. Nd3+ Kd6 57. b4 Bxh8 58. Rxh8 e5 59. Nc5
e4 60. Rh6+ Ke5 61. fxe4 dxe4 62. Ke1 Kd4 63. Rd6+ Kc4 64. Ne6 h3 65. Nxg5 h2
0-1

[Event "16th Puhajarve Rapid"]
[Site "Puhajarve EST"]
[Date "2015.11.28"]
[Round "10.3"]
[White "Ehlvest, J."]
[Black "Shipov, S."]
[Result "0-1"]
[WhiteElo "2524"]
[BlackElo "2541"]
[PlyCount "92"]
[EventDate "2015.11.27"]
[EventType "tourn (rapid)"]
[EventRounds "33"]
[EventCountry "EST"]
[EventCategory "1"]
[Source "Mark Crowther"]
[SourceDate "2015.12.07"]

1. c4 Nf6 2. d4 e6 3. g3 d5 4. Bg2 dxc4 5. Nf3 a6 6. O-O Nc6 7. e3 Rb8 8. Qe2
b5 9. b3 cxb3 10. axb3 Bb7 11. Bb2 Be7 12. Rc1 O-O 13. Nbd2 Nb4 14. e4 c5 15.
dxc5 Qd3 16. Bf1 Qxe2 17. Bxe2 Nxe4 18. Nxe4 Bxe4 19. Bc3 Bxc5 20. Bxb4 Bxb4
21. Rxa6 Rfd8 22. Ra7 Bd6 23. Nd4 Bxg3 24. hxg3 Rxd4 25. Bxb5 h6 26. Bc4 Rd2
27. Re1 Bf3 28. Raa1 g5 29. Rab1 Kg7 30. Re3 g4 31. Bf1 Ra8 32. Bg2 Bxg2 33.
Kxg2 Raa2 34. Rf1 Rab2 35. Rc3 h5 36. Kg1 Kg6 37. Kg2 f6 38. Kg1 e5 39. Kg2 Kg5
40. Kg1 Re2 41. Rd3 f5 42. Rc3 h4 43. gxh4+ Kxh4 44. Rc8 Rxb3 45. Rh8+ Kg5 46.
Rc1 Rbb2 0-1